000 00338nam a2200145Ia 4500
008 230312s9999||||xx |||||||||||||| ||und||
020 _a0-307-98530-9
082 _a747
_bSWI-F
100 _aSwift;Erin
245 0 _aFrench accents
260 _bparis
_aUSA
_c2013
300 _a223
650 _aArchitecture
_vArchitecture
942 _cBK
999 _c12714
_d12714